00358nam a2200109Ia 4500008004100000082002000041100002000061245004500081260003800126630001800164650006600182211118s9999||||xx |||||||||||||| ||und|| a820.954 bRUS-V aRushdie, Salman 0aVintage Book of Indian Writing 1947-1997 bLongman York PressaEnglandc1997 xGeneral Stack aEnglish Literaturevenglish and old english literatureEnglish